Dalits and social marginalisation / (Record no. 93809)

MARC details
000 -LEADER
fixed length control field 00572nam a22001937a 4500
005 - DATE AND TIME OF LATEST TRANSACTION
control field 20150615145422.0
010 ## - LCCN (DPL NO)
LC control number ENG-113140
020 ## - INTERNATIONAL STANDARD BOOK NUMBER
International Standard Book Number 9788179103951
Terms of availability 875.00
035 ## - SYSTEM CONTROL NUMBER
System control number EN-96672
037 ## - SOURCE OF ACQUISITION
Source of stock number/acquisition DBAD/PUB
082 ## - DEWEY DECIMAL CLASSIFICATION NUMBER
Classification number 305.56880954
245 ## - TITLE STATEMENT
Title Dalits and social marginalisation /
Statement of responsibility, etc edited by J. Bheemaiah
250 ## - EDITION STATEMENT
Edition statement .
260 ## - PUBLICATION, DISTRIBUTION, ETC. (IMPRINT)
Place of publication, distribution, etc Jaipur
Name of publisher, distributor, etc Aavishkar Publishers
Date of publication, distribution, etc 2012
270 ## - ADDRESS
Address 807, Vyas Building, Chaura Rasta,
City Jaipur
Postal code 302003
300 ## - PHYSICAL DESCRIPTION
Extent xxxiii,222p.
Dimensions 22cm(Hb)
700 ## - ADDED ENTRY--PERSONAL NAME
Personal name Bheemaiah, J.
942 ## - ADDED ENTRY ELEMENTS (KOHA)
Source of classification or shelving scheme Dewey Decimal Classification
Item type English Books
Call number suffix DAL
Classification part 305.56880954
Holdings
Withdrawn status Lost status Not for loan Collection code Home library Current library Date acquired Source of acquisition Cost, normal purchase price Full call number Barcode Copy number Cost, replacement price Koha item type
    Not For Loan Non-fiction D.B.Act.Division D.B.Act.Division 20/05/2015 DBAD/PUB 875.00 305.56880954 DAL EN-96672 1 875.00 English Books

© Delhi Public Library
Hit Counter
free hit counter